[Event "10th Open"]
[Site "Bosnjaci CRO"]
[Date "2004.01.04"]
[Round "2"]
[White "Jovanovic,Zo2"]
[Black "Sulc,D"]
[Result "1/2-1/2"]
[WhiteElo "2456"]
[BlackElo "2287"]

1.e4 c5 2.Nf3 d6 3.Bb5+ Bd7 4.Bxd7+ Qxd7 5.O-O Nf6 6.Re1 Nc6 7.c3 g6 8.d4 cxd4
9.cxd4 Bg7 10.Nc3 O-O 11.h3 d5 12.Ne5 Qd6 13.Nxc6 Qxc6 14.e5 Nd7 15.Qb3 Nb6
16.Bg5 f6 17.exf6 exf6 18.Bf4 Rfe8 19.Rec1 Qc4 20.Nb5 Qxb3 21.axb3 Re2 22.Rc7 a6
23.Nc3 Rxb2 24.Rxb7 f5 25.Rd1 Rc2 26.Nb5 axb5 27.Rxb6 Raa2 28.Rb8+ Kf7 29.Rb7+ Kg8
30.Re1 Re2 31.Rc1 Rec2 32.Rxc2 Rxc2 33.Rxb5 Bxd4 34.Rxd5 Bxf2+ 35.Kf1 Bc5
36.Bd2 Kf7 37.Ke2 Ke6 38.Rd8 Rb2 39.Rd3  1/2-1/2

[Event "Keres Mem Rapid"]
[Site "Tallinn EST"]
[Date "2004.01.04"]
[Round "5"]
[White "Rozentalis,E"]
[Black "Rytshagov,M"]
[Result "1/2-1/2"]
[WhiteElo "2625"]
[BlackElo "2465"]

1.e4 c5 2.Nf3 d6 3.Bb5+ Bd7 4.Bxd7+ Qxd7 5.O-O Nf6 6.Re1 Nc6 7.b3 g6 8.Bb2 Bg7
9.d3 O-O 10.Nbd2 e5 11.Nc4 Rfe8 12.Qd2 Rad8 13.h3 Qc7 14.Ne3 d5 15.exd5 Nxd5
16.Nxd5 Rxd5  1/2-1/2

[Event "TCh-CZE Extraliga 2003-4"]
[Site "Czech Rep CZE"]
[Date "2004.01.10"]
[Round "5"]
[White "Nedela,V"]
[Black "Dvorak,T"]
[Result "1-0"]
[WhiteElo "2378"]
[BlackElo "2331"]

1.e4 c5 2.Nf3 d6 3.Bb5+ Nd7 4.c3 Nf6 5.Qe2 a6 6.Ba4 b5 7.Bc2 Bb7 8.d3 g6
9.O-O Bg7 10.a4 O-O 11.Re1 e5 12.Nbd2 d5 13.Nf1 Qc7 14.Bg5 dxe4 15.dxe4 c4
16.Ng3 Nc5 17.h4 Ne6 18.Bc1 Nf4 19.Qf1 Rfe8 20.Ng5 h6 21.Nf3 Bf8 22.axb5 axb5
23.Rxa8 Bxa8 24.Rd1 Bc5 25.Qe1 Ng4 26.Nh1 Kg7 27.Nh2 Nxh2 28.Kxh2 Rd8 29.g3 Nd3
30.Bxd3 cxd3 31.f3 f6 32.Qd2 g5 33.g4 Bb7 34.Ng3 Bc8 35.Kg2 Qf7 36.Rh1 Be6
37.hxg5 hxg5 38.Kf1 Qg6 39.Qh2 d2 40.Bxd2 Kf7 41.Nf5 Bc4+ 42.Ke1 Ke6 43.b4 Bf8
44.Qf2 Qe8 45.Qb6+ Kf7 46.Qc7+ Ke6 47.Qb6+ Kf7 48.Rh7+ Kg6 49.Qc7 Bf7 50.Rxf7 Rxd2
51.Rg7+  1-0

[Event "ch-Commonwealth"]
[Site "Mumbai IND"]
[Date "2004.01.13"]
[Round "4"]
[White "Gopal,G"]
[Black "Shetty,R"]
[Result "0-1"]
[WhiteElo "2233"]
[BlackElo "2382"]

1.e4 c5 2.Nf3 d6 3.Bb5+ Nd7 4.d4 Nf6 5.O-O a6 6.Bxd7+ Nxd7 7.Nc3 cxd4 8.Qxd4 e6
9.Rd1 f6 10.a4 Be7 11.Qc4 Ne5 12.Nxe5 fxe5 13.b3 Bd7 14.Ne2 O-O 15.Ba3 b5
16.Qd3 Qb6 17.Qe3 Qc7 18.axb5 axb5 19.Bb4 h6 20.Nc3 Bc6 21.Qh3 Qd7 22.Qd3 Rxa1
23.Rxa1 d5 24.Bxe7 Qxe7 25.Rf1 Qc5 26.exd5 exd5 27.b4 Qd6 28.Rb1 d4 29.Ne4 Qg6
30.Ng3 Qf7 31.f3 Rc8 32.Re1 Qc7 33.Qf5 Re8 34.Ne4 Qd7 35.Qg6 Qe6 36.Qxe6+ Rxe6
37.Nc5 Re8 38.Kf2 Kf7 39.Ra1 Ra8 40.Rxa8 Bxa8 41.Ke2 g5 42.h3 Bd5 43.Nd3 Kf6
44.Nf2 Bc4+ 45.Nd3 h5 46.Kd2 h4 47.Ke1 Kf5 48.Nc5 Bd5 49.Nd3 e4 50.fxe4+ Bxe4
51.Kf1 Ba8 52.Kf2 Ke4 53.Ne1 Kf4 54.Nf3 Bxf3 55.gxf3 Kf5 56.Kf1 Ke5 57.Ke2 Ke6
58.Kd2 Kd6 59.Ke2 Ke6 60.Kd2 Kd6 61.Ke2 Ke5 62.Kd2 Kf4 63.Kd3 Kxf3 64.Kxd4 g4
65.c4 g3 66.cxb5 g2 67.b6 g1=Q+  0-1

[Event "ch-Commonwealth"]
[Site "Mumbai IND"]
[Date "2004.01.15"]
[Round "6"]
[White "Mishra,S"]
[Black "Sareen,V"]
[Result "0-1"]
[WhiteElo "2227"]
[BlackElo "2371"]

1.e4 c5 2.Nf3 d6 3.Bb5+ Bd7 4.Bxd7+ Qxd7 5.O-O Nc6 6.c3 Nf6 7.Re1 e6 8.d4 cxd4
9.Nxd4 Be7 10.Bg5 O-O 11.Nd2 Nxd4 12.cxd4 Qb5 13.Bxf6 Bxf6 14.Qb3 Qxb3 15.Nxb3 Rfc8
16.Rac1 Bg5 17.Rxc8+ Rxc8 18.Re2 a5 19.f4 Bd8 20.Kf2 Bb6 21.Rd2 e5 22.fxe5 a4
23.Na1 dxe5 24.Nc2 exd4 25.Nxd4 Rc4 26.Ke3 f6 27.a3 Kf7 28.Rd3 Ke7 29.b3 Rxd4
30.Rxd4 axb3  0-1

[Event "It"]
[Site "Bermuda BER"]
[Date "2004.01.16"]
[Round "2"]
[White "Vescovi,G"]
[Black "Movsesian,S"]
[Result "1/2-1/2"]
[WhiteElo "2633"]
[BlackElo "2639"]

1.e4 c5 2.Nf3 d6 3.Bb5+ Nc6 4.O-O Bd7 5.Re1 Nf6 6.c3 a6 7.Bf1 Bg4 8.d3 e6
9.Nbd2 Be7 10.h3 Bh5 11.g4 Bg6 12.Nh4 Nd7 13.Ng2 O-O 14.f4 h6 15.Qf3 Bh7
16.Qg3 Kh8 17.Nf3 Qc7 18.Kh2 Rae8 19.Bd2 b5 20.Rad1 Qb7 21.f5 Nde5 22.Ng1 Bf6
23.Bf4 Qb6 24.Ne2 exf5 25.exf5 c4 26.Nc1 cxd3 27.Nxd3 Nxd3 28.Bxd3 Be5 29.Be4 f6
30.Bxe5 Nxe5 31.Nf4 Bg8 32.a3 Bf7  1/2-1/2

[Event "ch-Commonwealth"]
[Site "Mumbai IND"]
[Date "2004.01.16"]
[Round "7"]
[White "Gopal,G"]
[Black "Ravi,A"]
[Result "1-0"]
[WhiteElo "2233"]
[BlackElo "2053"]

1.e4 c5 2.Nf3 d6 3.Bb5+ Bd7 4.Bxd7+ Qxd7 5.c4 Nf6 6.Nc3 Nc6 7.d4 cxd4 8.Nxd4 g6
9.Nce2 Bg7 10.f3 O-O 11.O-O a6 12.a4 Ne5 13.b3 Rfd8 14.Bg5 e6 15.Qd2 Qc7
16.Kh1 Ned7 17.Rad1 Ne5 18.Qf4 Qe7 19.Qh4 Ned7 20.f4 h6 21.Bxh6 Bxh6 22.Qxh6 Nc5
23.Qh4 Nxb3 24.f5 Nd5 25.f6 Nxf6 26.Rxf6 Kg7 27.Rdf1 Qc7 28.Nf4 Qd7 29.Nh5+ gxh5
30.Qg5+ Kf8 31.Rg6  1-0

[Event "ch-Commonwealth"]
[Site "Mumbai IND"]
[Date "2004.01.16"]
[Round "7"]
[White "Meera,S"]
[Black "Neelotpal,D"]
[Result "0-1"]
[WhiteElo "2173"]
[BlackElo "2461"]

1.e4 c5 2.Nf3 d6 3.Bb5+ Nd7 4.d4 Nf6 5.Nc3 cxd4 6.Qxd4 e5 7.Qd1 h6 8.a4 Be7
9.O-O O-O 10.Qe2 Nc5 11.Rd1 Qc7 12.Bc4 Be6 13.Bxe6 fxe6 14.Qc4 Qc8 15.Re1 a5
16.b3 Ra6 17.Bd2 Qe8 18.Nb5 Qf7 19.Rad1 Nfxe4 20.Qf1 Qg6 21.Kh1 Nxd2 22.Rxd2 e4
23.Ng1 d5 24.Nh3 Raa8 25.Re3 Rf6 26.c4 Qf7 27.cxd5 exd5 28.Nc7 Rd8  0-1

[Event "ch-Commonwealth"]
[Site "Mumbai IND"]
[Date "2004.01.17"]
[Round "8"]
[White "Prasad,D"]
[Black "Berezina,I"]
[Result "1/2-1/2"]
[WhiteElo "2395"]
[BlackElo "2281"]

1.e4 c5 2.Nf3 d6 3.Bb5+ Bd7 4.Bxd7+ Qxd7 5.c4 Nc6 6.Nc3 Ne5 7.d3 Nxf3+ 8.Qxf3 g6
9.Be3 Bg7 10.O-O Nf6 11.h3 O-O 12.Qe2 Qc6 13.f4 e6 14.Rac1 Rae8 15.Qf3 Nd7
16.a3 f5 17.b4 b6 18.exf5 Qxf3 19.Rxf3 Bxc3 20.Rxc3 gxf5 21.Rc2 Kf7 22.g4 Nb8
23.d4 cxd4 24.Bxd4 Rg8 25.Rg2 Rc8 26.Rc3 Nc6 27.Rd3  1/2-1/2

[Event "ch-Commonwealth"]
[Site "Mumbai IND"]
[Date "2004.01.17"]
[Round "8"]
[White "Swathi,G"]
[Black "Sandeep,Y"]
[Result "1-0"]
[WhiteElo "2297"]
[BlackElo "2115"]

1.e4 c5 2.Nf3 d6 3.Bb5+ Bd7 4.Bxd7+ Qxd7 5.c4 Nc6 6.O-O g6 7.d4 cxd4 8.Nxd4 Bg7
9.Be3 Nf6 10.f3 O-O 11.Nc3 Rfc8 12.Nde2 Qd8 13.Rc1 Nd7 14.Qd2 a6 15.b3 Rab8
16.Nd5 b5 17.cxb5 axb5 18.Bg5 f6 19.Be3 Kh8 20.Rc2 Nce5 21.Rfc1 Rxc2 22.Qxc2 Ra8
23.Nd4 Nf8 24.Nxb5 Ne6 25.a4 g5 26.Nbc7 Nxc7 27.Qxc7 e6 28.Nb6 Rb8 29.a5 Nd3
30.Qxd8+ Rxd8 31.Rc8 Rxc8 32.Nxc8 Nb4 33.Nxd6 Bf8 34.Nc8  1-0

[Event "ch-Commonwealth"]
[Site "Mumbai IND"]
[Date "2004.01.17"]
[Round "8"]
[White "Sandipan,C"]
[Black "Deshmukh,A"]
[Result "1-0"]
[WhiteElo "2522"]
[BlackElo "2340"]

1.e4 c5 2.Nf3 d6 3.Bb5+ Nd7 4.c3 a6 5.Ba4 Nf6 6.Qe2 b5 7.Bc2 Bb7 8.d4 e5
9.d5 g6 10.b3 Bg7 11.a4 b4 12.a5 O-O 13.g3 bxc3 14.Ra4 Nxd5 15.exd5 Bxd5
16.Nxc3 Bc6 17.Be4 Bxa4 18.Nxa4 Ra7 19.O-O Qxa5 20.Rd1 Nf6 21.Rxd6 Nxe4 22.Qxe4 Qb4
23.Qd5 Qb7 24.Qxb7 Rxb7 25.Nxc5 Rb5 26.Be3 Rc8 27.b4 a5 28.bxa5 Bf8 29.Rb6 Rbxc5
30.Bxc5 Bxc5 31.Rb7 e4 32.Ne5 Bd4 33.Nxf7 Rc2 34.Nh6+ Kf8 35.Rf7+ Ke8 36.Rf4 Kd7
37.Ng4 Kd6 38.Rxe4 Kc5 39.Re7 h5 40.Rc7+  1-0

[Event "ch-Commonwealth"]
[Site "Mumbai IND"]
[Date "2004.01.17"]
[Round "8"]
[White "Tilak,S"]
[Black "Ravi,L"]
[Result "0-1"]
[WhiteElo "2310"]
[BlackElo "2462"]

1.e4 c5 2.Nf3 d6 3.Bb5+ Nd7 4.c4 Nf6 5.Nc3 g6 6.d4 cxd4 7.Nxd4 Bg7 8.O-O O-O
9.Bxd7 Bxd7 10.Qe2 Rc8 11.Rd1 Qa5 12.Nc2 Be6 13.Ne3 Qa6 14.Ncd5 Rfe8 15.f3 Bxd5
16.cxd5 Nd7 17.Rb1  0-1

[Event "TCh-BEL 2003-4"]
[Site "Belgium BEL"]
[Date "2004.01.18"]
[Round "7"]
[White "Schalkx,J"]
[Black "Roeder,M"]
[Result "1/2-1/2"]
[WhiteElo "2265"]
[BlackElo "2457"]

1.e4 c5 2.Nf3 d6 3.Bb5+ Bd7 4.Bxd7+ Qxd7 5.O-O Nc6 6.c4 Nf6 7.Nc3 Ne5 8.d3 Nxf3+
9.Qxf3 g6 10.Be3 Qg4 11.Qd1 Qxd1 12.Rfxd1 Ng4 13.Bf4 Bg7 14.h3 Ne5 15.Rab1 Nc6
16.Ne2 Kd7 17.Be3 Rhc8 18.b3 a6 19.d4 cxd4 20.Nxd4 Nxd4 21.Bxd4 Bxd4 22.Rxd4 Ke6
23.a4 b5 24.cxb5 axb5 25.axb5 Rc5 26.Rb4 Rb8 27.b6 Rc6 28.b7 Rc7 29.Kf1 Ke5  1/2-1/2

[Event "ch-Commonwealth"]
[Site "Mumbai IND"]
[Date "2004.01.18"]
[Round "9"]
[White "Swathi,G"]
[Black "Neelotpal,D"]
[Result "1/2-1/2"]
[WhiteElo "2297"]
[BlackElo "2461"]

1.e4 c5 2.Nf3 d6 3.Bb5+ Nd7 4.d4 Nf6 5.Nc3 a6 6.Bxd7+ Nxd7 7.O-O e6 8.Bg5 Qc7
9.dxc5 Nxc5 10.a4 Nd7 11.Qd4 Ne5 12.Nd2 f6 13.Be3 Be7 14.Kh1 Ng4 15.Bf4 O-O
16.Bg3 Bd7 17.h3 Ne5 18.f4 Nc6 19.Qe3 Nb4 20.Rac1 e5 21.Na2 Nxa2 22.Qb3+ Kh8
23.Qxa2 b5 24.axb5 axb5 25.Qb3 Qb7 26.Kh2 Bc6 27.Ra1 d5 28.Rxa8 Rxa8 29.fxe5 dxe4
30.Qe3 Qd7 31.Nb3 Qd5 32.Rf2 fxe5 33.Rd2 Qe6 34.Nc5 Qf5 35.Rf2 Qg5 36.Qc3 b4
37.Qc4 Qg6 38.Re2 Bxc5 39.Qxc5 b3 40.cxb3 h6 41.Rc2 Bd7 42.Qd5 Qe8 43.Qxe4 Rb8
44.Qxe5 Qxe5 45.Bxe5 Rxb3 46.Rc7  1/2-1/2

[Event "GMC"]
[Site "Wijk aan Zee NED"]
[Date "2004.01.18"]
[Round "7"]
[White "Etmans,M"]
[Black "Barendse,T"]
[Result "1/2-1/2"]
[WhiteElo "2225"]
[BlackElo "2206"]

1.e4 c5 2.Nf3 d6 3.Bb5+ Nd7 4.O-O a6 5.Bxd7+ Bxd7 6.c3 Bg4 7.d4 e6 8.Be3 cxd4
9.cxd4 Nf6 10.Nbd2 d5 11.exd5 Qxd5 12.h3 Bxf3 13.Nxf3 Bd6 14.Qa4+ Ke7 15.Ne5 Rhc8
16.Rac1 h6 17.Nd3 Kf8 18.Bf4 Rd8 19.Be3 Kg8 20.Rc2 Rac8 21.Rfc1 Rxc2 22.Rxc2 Qe4
23.Qb3 Nd5 24.Nc5 Bxc5 25.Rxc5 b6 26.Qc2 Qxc2 27.Rxc2 Kf8 28.a3 Ke7 29.Kf1 f5
30.g3 g5 31.Ke2 Kd7 32.Kd3 Rf8 33.Bd2 Rg8 34.Rc1 Nf6 35.f3 Nd5 36.Rh1 h5
37.Rc1 g4 38.fxg4 fxg4 39.Rh1 Rf8 40.hxg4 hxg4 41.Rh7+ Kd6 42.Be1 Rf3+ 43.Kd2 Ne3
44.Rg7 Kd5 45.Ke2 Kxd4 46.Bf2 Ke4 47.Rg8 b5 48.Rg7 e5 49.Rg8 a5 50.Rg7 b4
51.axb4 axb4 52.b3 Kf5 53.Bxe3 Rxg3 54.Rb7 Rg2+ 55.Kd3 g3 56.Rg7 Rb2 57.Rg5+ Kf6
58.Kc4 g2 59.Rg8 Kf5 60.Kxb4 Ke4 61.Bc5 Kf3 62.Rf8+ Ke4 63.Rg8 Kf3 64.Ka4 Ra2+
65.Kb5 e4 66.Rf8+ Kg3 67.b4 Ra1 68.Rg8+ Kf3 69.Rf8+ Kg3 70.Bf2+ Kg4 71.Kc6 Rf1
72.Rg8+ Kf3 73.Bd4 Rd1 74.Kc5 Rc1+ 75.Kd5 Rb1 76.Rf8+ Kg3 77.Bc5 e3 78.Bxe3 Rxb4
79.Rg8+ Kf3 80.Bc5  1/2-1/2

[Event "Open"]
[Site "Praha CZE"]
[Date "2004.01.19"]
[Round "4"]
[White "Quillan,G"]
[Black "Schuettler,T"]
[Result "1-0"]
[WhiteElo "2323"]
[BlackElo "2055"]

1.e4 c5 2.Nf3 d6 3.Bb5+ Bd7 4.Bxd7+ Qxd7 5.c4 Nc6 6.Nc3 g6 7.d4 cxd4 8.Nxd4 Bg7
9.Be3 Nf6 10.f3 O-O 11.Qd2 Rfd8 12.O-O Rac8 13.b3 Ne8 14.Nde2 Nc7 15.Rad1 b6
16.h3 Kh8 17.Qe1 Qe8 18.Qf2 Rd7 19.Rd2 Rcd8 20.Rfd1 h6 21.Nd5 Qf8 22.Qg3 Ne8
23.f4 Nf6 24.Qf3 Nxd5 25.exd5 Nb8 26.f5 Rc7 27.fxg6 fxg6 28.Nf4  1-0

[Event "Open"]
[Site "Praha CZE"]
[Date "2004.01.20"]
[Round "6"]
[White "Neumeier,K"]
[Black "Slovak,Pa"]
[Result "1-0"]
[WhiteElo "2280"]
[BlackElo "2070"]

1.e4 c5 2.Nf3 d6 3.Bb5+ Bd7 4.Bxd7+ Qxd7 5.c4 Nc6 6.Nc3 e6 7.d4 cxd4 8.Nxd4 Nf6
9.O-O Be7 10.Be3 O-O 11.Qe2 Rfd8 12.Rad1 Qc8 13.b3 Nd7 14.f4 a6 15.Nxc6 Qxc6
16.Bd4 Bf6 17.Bxf6 Nxf6 18.Rd3 b5 19.cxb5 axb5 20.Rg3 b4 21.e5 bxc3 22.exf6 Qc5+
23.Kh1 g6 24.Qc2 Qa3 25.Rxc3 Qxa2 26.Qxa2 Rxa2 27.Rfc1 h6 28.h4 Kf8 29.Rc7 Kg8
30.Rb7 Rb2 31.Rcc7 Rf8 32.Kh2 d5 33.b4 Ra2 34.b5 Raa8 35.b6 Rab8 36.Rxf7 Rxb7
37.Rxb7 Rxf6 38.Rc7 e5 39.b7 Rb6 40.fxe5  1-0

[Event "1st WinTV Open"]
[Site "Chennai IND"]
[Date "2004.01.22"]
[Round "2"]
[White "Meera,S"]
[Black "Srinivasa Rao,M"]
[Result "1/2-1/2"]
[WhiteElo "2173"]
[BlackElo "2335"]

1.e4 c5 2.Nf3 d6 3.Bb5+ Bd7 4.Bxd7+ Qxd7 5.c4 Nc6 6.d4 cxd4 7.Nxd4 Nf6 8.Nc3 Qg4
9.O-O Qxd1 10.Rxd1 Nxd4 11.Rxd4 Rc8 12.b3 g6 13.Bb2 Bg7 14.Rd2 O-O 15.f3 a6
16.Nd5 Nxd5 17.Bxg7 Kxg7 18.Rxd5 Rc6 19.Rad1 Rb8 20.a4 Kf6 21.Kf2 b6 22.Ke3 Ke6
23.f4 Rc5 24.g4 Rf8 25.f5+ gxf5 26.exf5+ Kf6 27.Kf4 h6 28.R5d3  1/2-1/2

[Event "1st WinTV Open"]
[Site "Chennai IND"]
[Date "2004.01.22"]
[Round "3"]
[White "Karthikeyan,T"]
[Black "Premnath,R"]
[Result "1-0"]
[WhiteElo "2278"]
[BlackElo "2069"]

1.e4 c5 2.Nf3 d6 3.Bb5+ Bd7 4.Bxd7+ Qxd7 5.O-O Nc6 6.c3 Nf6 7.Re1 g6 8.d4 cxd4
9.cxd4 Rc8 10.Nc3 e5 11.dxe5 dxe5 12.Nd5 Bg7 13.Bh6 Kf8 14.Nxf6 Qxd1 15.Bxg7+ Kxg7
16.Raxd1 Kxf6 17.Rd7 Nb4 18.a3 Nc2 19.Red1 Rhe8 20.h3 Nd4 21.Nxd4 exd4 22.R1xd4 Rc1+
23.Kh2 Rc2 24.f3 Rxb2 25.Rc7 Ke5 26.Rdd7 Kf4 27.Rxf7+ Ke3 28.Rxb7 Ra2 29.Rb3+ Kf2
30.Rfb7 Rd8 31.Rb2+ Rd2 32.Rxd2+ Rxd2 33.h4 h6 34.Rg7 Rd6 35.e5 Ra6 36.f4 h5
37.f5 Ra4 38.g3 gxf5 39.Rf7 Rxa3 40.Rxf5+ Ke3 41.e6 Kd4 42.Re5 Kxe5 43.e7 Ra5
44.e8=Q+ Kd4 45.g4 Re5 46.Qa4+ Ke3 47.Kg3 Kd3 48.Qxa7 hxg4 49.Qd7+ Kc4 50.h5 Kc5
51.h6 Re3+ 52.Kxg4 Re4+ 53.Kg5 Re2 54.h7 Rg2+ 55.Qg4  1-0

[Event "1st WinTV Open"]
[Site "Chennai IND"]
[Date "2004.01.22"]
[Round "3"]
[White "Mari Arul,S"]
[Black "Neelotpal,D"]
[Result "1/2-1/2"]
[WhiteElo "2322"]
[BlackElo "2461"]

1.e4 c5 2.Nf3 d6 3.Bb5+ Nd7 4.d4 Nf6 5.Nc3 a6 6.Bxd7+ Nxd7 7.O-O e6 8.Bg5 Qc7
9.d5 e5 10.a4 h6 11.Bh4 g6 12.Nd2 Bg7 13.Nc4 Nb6 14.Na3 O-O 15.a5 Nd7 16.Be7 Qxa5
17.Nc4 Qc7 18.Nxd6 Nb6 19.Bxf8 Bxf8 20.Nxc8 Nxc8 21.d6 Nxd6 22.Qd5 Re8 23.Rfd1 Re6
24.Na4 c4 25.Nc3 Qb6 26.Qa5 Qc6 27.Rd5 Qe8 28.Qc7 Be7 29.Rad1 Qf8 30.Qa5 Ne8
31.Rd7 Bb4 32.Qxb4  1/2-1/2

[Event "Open"]
[Site "Praha CZE"]
[Date "2004.01.22"]
[Round "8"]
[White "Hasangatin,R"]
[Black "Hennigan,M"]
[Result "1/2-1/2"]
[WhiteElo "2515"]
[BlackElo "2434"]

1.e4 c5 2.Nf3 d6 3.Bb5+ Nc6 4.c3 Nf6 5.Qe2 Bd7 6.d4 cxd4 7.cxd4 a6 8.Bxc6 Bxc6
9.Nc3 d5 10.exd5 Bxd5 11.Bg5 e6 12.Bxf6 gxf6 13.O-O Be7 14.Rfd1 O-O 15.Nd2 Kh8
16.Nf1 b5 17.Ne3 Bb7 18.d5 Qb6 19.a4 b4 20.a5 Qc7 21.Ne4 Qf4 22.Ng3 Rad8
23.Rac1 Qe5 24.f4 Qd6 25.Nef5 exf5 26.Nxf5 Qxf4 27.Qxe7 Qxf5 28.Qxb7 Rd6
29.Qxb4 Rfd8 30.Qc3 Rxd5 31.Rxd5 Rxd5 32.Qc8+ Qxc8 33.Rxc8+ Kg7 34.b4 Rd2
35.Rc6 Rb2 36.Rb6 h5 37.Kf1 Kg6 38.Ke1 h4 39.h3 Kg5 40.Kf1 f5 41.Rxa6 Rxb4
42.Ra8 Ra4 43.a6 Kf4 44.a7 Ra2 45.Ke1 Ra6 46.Kd2 Ra3 47.Kc2 Ra6 48.Kd3 Ra4
49.Kc3 Ra6 50.Kd4 Ra4+ 51.Kc5 Ra6 52.Kb5 Ra1 53.Kb6 Rb1+ 54.Kc6 Ra1 55.Kd6 Ra6+
56.Kd7 Ra5 57.Kc6 Ra1 58.Kd6 Ra6+ 59.Ke7 Ke3 60.Kxf7 Kf2 61.Ke7 f4 62.Kd7 Kxg2
63.Rg8+ Kxh3 64.a8=Q Rxa8 65.Rxa8 f3 66.Rf8 Kg2 67.Rg8+ Kf2 68.Rh8  1/2-1/2

[Event "TCh-AUT 2003-4"]
[Site "Velden AUT"]
[Date "2004.01.22"]
[Round "4"]
[White "Rabiega,R"]
[Black "Kosten,A"]
[Result "1/2-1/2"]
[WhiteElo "2527"]
[BlackElo "2507"]

1.e4 c5 2.Nf3 d6 3.Bb5+ Bd7 4.Bxd7+ Qxd7 5.c4 Nf6 6.Nc3 g6 7.O-O Bg7 8.e5 dxe5
9.Nxe5 Qc8 10.Qa4+ Nbd7 11.Re1 O-O 12.Nf3 e6 13.d3 Qc7 14.Bg5 Ng4 15.Bh4 Nge5
16.Nxe5 Nxe5 17.Rad1 Nc6 18.Ne4 Nd4 19.Bg3 Qb6 20.Bd6 Rfc8 21.b4 Qxb4 22.Nxc5 Qxa4
23.Nxa4 b5 24.Nb2 Nf5 25.Be5 bxc4 26.Nxc4 Rc5 27.Rb1 Rac8 28.Bxg7 Kxg7 29.Rb7 R8c7
30.Reb1 Ne7 31.g3 g5 32.a4 Nd5 33.a5 a6 34.Rxc7 Rxc7 35.Rb8 Rc5 36.Kf1 Kf6
37.h3 Rb5 38.Rxb5 axb5 39.Nd6 Nc7 40.Ke2 Ke7 41.Ne4 h6 42.d4 f5 43.Nc5 Kd6
44.a6 e5 45.a7 Na8 46.f3 Kc6 47.Kd3 exd4 48.Ne6 Kb6 49.Nxd4 f4 50.gxf4 gxf4
51.Ke4 Nc7 52.Kxf4 Kxa7 53.Ke5 Kb6 54.f4 Na6 55.f5 Nc5 56.f6 b4 57.Kd5 Nd7
58.f7 Nf8 59.Ne6 Ng6 60.Kc4  1/2-1/2

[Event "Winter Open"]
[Site "Belgrade SCG"]
[Date "2004.01.23"]
[Round "3"]
[White "Mihajlovic,M"]
[Black "Nestorovic,N"]
[Result "1/2-1/2"]
[WhiteElo "2271"]
[BlackElo "2152"]

1.e4 c5 2.Nf3 d6 3.Bb5+ Bd7 4.Qe2 a6 5.Bxd7+ Nxd7 6.O-O Ngf6 7.Nc3 e6 8.a4 Be7
9.d3 O-O 10.Bd2 Qc7 11.h3 b6 12.Nh2 Ne5 13.f4 Nc6 14.Rae1 Nd4 15.Qd1 b5 16.f5 Rae8
17.axb5 axb5 18.Ne2 Nxe2+ 19.Qxe2 exf5 20.exf5 Bd8 21.Qf3 Rxe1 22.Rxe1 Qd7
23.g4 h6 24.Nf1 Re8 25.Rxe8+ Qxe8 26.Bf4 d5 27.Bg3 Qe7 28.Qf4 c4 29.Qb8 Qd7
30.Kg2 Kh7 31.Qd6 Qe8 32.Kf3 Be7 33.Qc7 Bd8 34.Qd6 Be7 35.Qe5 cxd3 36.cxd3 Qd7
37.Qc7 Qe8 38.Bf2 Nd7 39.Bg3 Nc5 40.f6 gxf6 41.Bf2 Nd7 42.Bd4 Nf8 43.Qb7 Qd7
44.Qxd7 Nxd7 45.Ne3 Bc5 46.Bxc5 Nxc5 47.b4 Nxd3 48.Nxd5 Kg6 49.Nf4+ Nxf4
50.Kxf4 f5 51.gxf5+ Kh5 52.Ke4 Kh4 53.Kd5 Kxh3 54.Kc5 Kg4 55.Kxb5 h5 56.Kc5 h4
57.b5 h3 58.b6 h2 59.b7 h1=Q 60.b8=Q Kxf5 61.Qc8+ Kg5 62.Qg8+ Kf6  1/2-1/2

[Event "TCh-AUT 2003-4"]
[Site "Velden AUT"]
[Date "2004.01.23"]
[Round "5"]
[White "Kuba,G"]
[Black "Wittmann,W"]
[Result "1/2-1/2"]
[WhiteElo "2339"]
[BlackElo "2326"]

1.e4 c5 2.Nf3 d6 3.Bb5+ Bd7 4.Bxd7+ Qxd7 5.c4 Nf6 6.Nc3 g6 7.d4 cxd4 8.Nxd4 Bg7
9.O-O O-O 10.f3 Rc8 11.b3 d5 12.e5 Ne8 13.Nxd5 e6 14.Nc3 Bxe5 15.Nce2 Rd8
16.Bb2 Nc6 17.Nxc6 Qxc6 18.Bxe5 Rxd1 19.Rfxd1 f6 20.Bg3 Qc5+ 21.Bf2 Qe7 22.Rd2 Rd8
23.Rxd8 Qxd8 24.Bxa7 Qd2 25.Kf2 Nd6 26.a4 Nf5 27.a5 Qb2 28.Rd1 Qxb3 29.Rd8+ Kg7
30.Rb8 Qxc4 31.Rxb7+ Kh6 32.g4 Nh4 33.Rf7 Qd5 34.Rxf6 Kg7 35.Rf4 Qxa5 36.Be3 e5
37.Rc4 h6 38.Rc5 Qa8 39.Ng1 Qa2+ 40.Ne2 Qa8 41.Ng1 Qa2+ 42.Ne2 Qf7 43.Ng1 Nxf3
44.Nxf3 e4 45.Bd4+ Kh7 46.Rc3 exf3 47.Rxf3 Qd7 48.Rf4 Qd6 49.Ke3 g5 50.Rf7+ Kg8
51.Rf2 Qe6+ 52.Kf3 Qd5+ 53.Ke3 Qh1 54.Be5 Qd5 55.Bg3 Qd1 56.Rf3 Qa4 57.h3 Qa7+
58.Ke2 Qg1 59.Be1 Qg2+ 60.Ke3  1/2-1/2

[Event "IM"]
[Site "Marianske Lazne CZE"]
[Date "2004.01.24"]
[Round "1"]
[White "Pribyl,Jo"]
[Black "Cernousek,L"]
[Result "0-1"]
[WhiteElo "2371"]
[BlackElo "2375"]

1.e4 c5 2.Nf3 d6 3.Bb5+ Nd7 4.O-O a6 5.Bxd7+ Bxd7 6.b3 Nf6 7.e5 dxe5 8.Nxe5 g6
9.Bb2 Bg7 10.Qf3 Qc7 11.Nxd7 Ng4 12.Be5 Bxe5 13.Nxe5 Qxe5 14.Qxg4 Qxa1 15.Nc3 Qb2
16.Qa4+ b5 17.Qe4 O-O 18.Rb1 Qa3 19.Nd5 Qxa2 20.Nxe7+ Kg7 21.Re1 Qb2 22.Kf1 Qd4
23.Qxd4+ cxd4 24.Nc6 d3 25.cxd3 a5 26.d4 a4 27.d5 a3 28.Ra1 Rfc8 29.Ke2 Kf8
30.Kd3 Ke8 31.Kd4 Kd7 32.Kc5 a2 33.Kxb5 Kd6 34.Kc4 Ra5 35.Kd3 Rxd5+ 36.Nd4 Kc5
37.Rc1+ Kb4 38.Rxc8 Rxd4+ 39.Kxd4 a1=Q+ 40.Rc3 Qa7+ 41.Ke5 Qxf2 42.Rf3 Qxg2
43.Rxf7 Qxh2+ 44.Kf6 Kxb3 45.Kg7 Kc4  0-1

[Event "Testa GM"]
[Site "Griesheim GER"]
[Date "2004.01.25"]
[Round "6"]
[White "Galdunts,S"]
[Black "Savchenko,S"]
[Result "1/2-1/2"]
[WhiteElo "2506"]
[BlackElo "2543"]

1.e4 c5 2.Nf3 d6 3.Bb5+ Bd7 4.Bxd7+ Qxd7 5.O-O Nf6 6.e5 dxe5 7.Nxe5 Qc8 8.Qf3 e6
9.a4 Be7 10.Nc3 O-O 11.d3 Nbd7 12.Nc4 Nb6 13.Bg5 Nbd5 14.Nxd5 Nxd5 15.Bxe7  1/2-1/2

[Event "GMC"]
[Site "Wijk aan Zee NED"]
[Date "2004.01.25"]
[Round "13"]
[White "Etmans,M"]
[Black "Popov,Val"]
[Result "0-1"]
[WhiteElo "2225"]
[BlackElo "2580"]

1.e4 c5 2.Nf3 d6 3.Bb5+ Nd7 4.O-O Nf6 5.Qe2 a6 6.Bxd7+ Bxd7 7.e5 dxe5 8.Nxe5 e6
9.d3 Be7 10.Nc3 O-O 11.Nxd7 Qxd7 12.a4 Rfe8 13.Bg5 h6 14.Bh4 b6 15.Ne4 Nd5
16.Bxe7 Qxe7 17.f4 Rad8 18.Qf2 Nb4 19.Rae1 Nc6 20.Re3 Nd4 21.Ng3 Qd7 22.b3 g6
23.Kh1 Kg7 24.Rfe1 Qc6 25.Qd2 f6 26.Qd1 Qd7 27.c3 Nc6 28.Qg4 Kf7 29.Qe2 Re7
30.h3 Rde8 31.Rf1 Qd5 32.Qb2 Rd8 33.Rfe1 b5 34.axb5 axb5 35.Ne4 f5 36.Nd2 Qd6
37.g3 e5 38.Nf3 Rde8 39.fxe5 Nxe5 40.Nxe5+ Rxe5 41.Rxe5 Rxe5 42.Rxe5 Qxe5
43.Qg2 Kf6 44.Qc6+ Kg5 45.Qf3 f4 46.h4+ Kf5 47.g4+ Kf6 48.Qc6+ Qe6 49.Qxc5 Qe1+
50.Kg2 Qg3+ 51.Kf1 Qh3+ 52.Ke1 Qxh4+ 53.Kd2 Qxg4 54.d4 Qg2+ 55.Kd3 Qf3+ 56.Kd2 Qe3+
57.Kd1 f3 58.Qc6+ Kg5 59.Qxb5+ Kh4 60.Qe5 Qxe5 61.dxe5 Kg3  0-1

[Event "IM"]
[Site "Marianske Lazne CZE"]
[Date "2004.01.26"]
[Round "3"]
[White "Hasangatin,R"]
[Black "Slaby,J"]
[Result "1/2-1/2"]
[WhiteElo "2515"]
[BlackElo "2405"]

1.e4 c5 2.Nf3 d6 3.Bb5+ Nd7 4.d4 Nf6 5.Nc3 cxd4 6.Qxd4 e5 7.Qd3 h6 8.Nd2 Be7
9.Nc4 O-O 10.Bxd7 Bxd7 11.O-O Be6 12.Rd1 Qc7 13.Ne3 Rfc8 14.a4 Qc6 15.Bd2 Bf8
16.a5 g6 17.f3 Nh5 18.Ncd5 Bxd5 19.Nxd5 Qxc2 20.Qa3 Nf4 21.Nxf4 exf4 22.Rac1 Qxd2
23.Rxd2 Rxc1+ 24.Kf2 d5 25.Qb3 Rac8 26.Ke2 dxe4 27.fxe4 R1c7 28.Kf3 h5 29.Rd5 Bg7
30.Rb5 b6 31.axb6 axb6 32.Rxb6 Kh7 33.Kxf4 Rc2 34.Kg3 Rxb2 35.Qxb2 Bxb2  1/2-1/2

[Event "IM"]
[Site "Marianske Lazne CZE"]
[Date "2004.01.26"]
[Round "3"]
[White "Vyskocil,N"]
[Black "Walek,M"]
[Result "1-0"]
[WhiteElo "2335"]
[BlackElo "2339"]

1.e4 c5 2.Nf3 d6 3.Bb5+ Bd7 4.Bxd7+ Qxd7 5.O-O Nc6 6.c3 Nf6 7.d4 Nxe4 8.d5 Nb8
9.Re1 Nf6 10.Bg5 Na6 11.c4 h6 12.Bd2 g6 13.Bc3 Bg7 14.Qe2 Kf8 15.Nbd2 Re8
16.Rac1 Nc7 17.Ne4 Kg8 18.Nfd2 Nxe4 19.Nxe4 f5 20.Ng3 e5 21.dxe6 Rxe6 22.Qf3 Qc6
23.Qd3 Rh7 24.Ne2 Qe4 25.Qd2 Bxc3 26.Qxc3 Rhe7 27.g3 b6 28.Nf4 Qxe1+ 29.Rxe1 Rxe1+
30.Kg2 Kh7 31.Qf6 Rg7 32.Qxd6 Ne8 33.Qc6 g5 34.Nd5 Rf7 35.Ne3 Ng7 36.Qd5 Kg8
37.Qd2 Ra1 38.b3 h5 39.Qd8+ Rf8 40.Qxg5 Rxa2 41.Nd5 Re2 42.Ne7+ Kf7 43.Nxf5 Nxf5
44.Qxh5+ Kf6 45.Qxe2 Rf7 46.Qf3 Kg7 47.Qg4+ Kf8 48.h4 Nd4 49.b4 Nc2 50.bxc5 bxc5
51.Qc8+  1-0

[Event "IM"]
[Site "Marianske Lazne CZE"]
[Date "2004.01.27"]
[Round "5"]
[White "Vyskocil,N"]
[Black "Cernousek,L"]
[Result "1-0"]
[WhiteElo "2335"]
[BlackElo "2375"]

1.e4 c5 2.Nf3 d6 3.Bb5+ Nd7 4.d4 Nf6 5.Nc3 cxd4 6.Qxd4 e5 7.Qd3 h6 8.Be3 a6
9.Bxd7+ Bxd7 10.a4 Be6 11.O-O Qc7 12.Rfe1 Rc8 13.Nd2 Qc6 14.f3 Be7 15.Bf2 O-O
16.Nf1 d5 17.exd5 Nxd5 18.Nxd5 Bxd5 19.Rxe5 Bc4 20.Qe4 Bf6 21.Qxc6 Rxc6 22.Rc5 Rxc5
23.Bxc5 Rc8 24.Ba3 Bd4+ 25.Kh1 Bxf1 26.Rxf1 Rxc2 27.Rb1 Kh7 28.b3 Ra2 29.Bd6 Kg6
30.h3 Rd2 31.Bb8 Rd3 32.Kh2 Kf6 33.b4 b5 34.axb5 axb5 35.f4 h5 36.g4 h4 37.Kg2 Bc3
38.Rb3 Ke6 39.Ra3 Rd2+ 40.Kf3 Bxb4 41.Rb3 Bc5 42.Rxb5 Kd5 43.g5 Rf2+ 44.Kg4 Rg2+
45.Kh5 Kc6 46.Rb3 Rg3 47.Rb1 g6+ 48.Kh6 Bd4 49.f5 Be3 50.Bxg3 hxg3 51.fxg6 fxg6
52.Kxg6 g2 53.Kf7 g1=Q 54.Rxg1 Bxg1 55.g6  1-0

[Event "1st WinTV Open"]
[Site "Chennai IND"]
[Date "2004.01.28"]
[Round "9"]
[White "Srikar,K"]
[Black "Arun,H"]
[Result "1/2-1/2"]
[WhiteElo "2173"]
[BlackElo "2025"]

1.e4 c5 2.Nf3 d6 3.Bb5+ Bd7 4.Bxd7+ Qxd7 5.O-O Nf6 6.Nc3 Nc6 7.d4 cxd4 8.Nxd4 g6
9.f3 Bg7 10.Be3 O-O 11.Qe1 Nxe4 12.Nxc6 Nxc3 13.Nxe7+ Qxe7 14.bxc3 Rfc8 15.Qf2 Bxc3
16.Rad1 b6 17.Kh1 Rc6 18.Bf4 Rac8 19.Qg3 Be5 20.Rfe1 Bxf4 21.Qxf4 Qd7 22.h3  1/2-1/2